| 000 | 01035pam a2200325 a 4500 | ||
|---|---|---|---|
| 001 | 4034308 | ||
| 003 | OSt | ||
| 005 | 20140310182701.0 | ||
| 008 | 980615s1999 maua 001 0 eng | ||
| 010 | _a 98029670 | ||
| 020 | _a9814053066 | ||
| 040 |
_aDLC _cDLC _dDLC |
||
| 050 | 0 | 0 |
_aQA 162 _b.F812 2000 |
| 082 | 0 | 0 |
_aM 512.02 _2F84 2000 |
| 100 | 1 | _aFraleigh, John B. | |
| 245 | 1 | 2 |
_aA first course in abstract algebra / _cFraleigh, John B. |
| 250 | _a6th ed. | ||
| 260 |
_aReading, Mass. : _bAddison-Wesley, _c2000. |
||
| 300 |
_axiii, 536 p. : _bill. ; _c25 cm. |
||
| 500 | _aIncludes index. | ||
| 521 | _aHigh School to College Students | ||
| 526 | _c0L-170L | ||
| 541 | _j1 | ||
| 541 | _j2 | ||
| 562 | _eFor circulation. 2 copies available in the collection | ||
| 650 | 0 | _aAlgebra, Abstract. | |
| 906 |
_a7 _bcbc _corignew _d1 _eocip _f19 _gy-gencatlg |
||
| 942 |
_2lcc _cBK _kM |
||
| 999 |
_c15170 _d15170 |
||